|
|
|
|
| LEADER |
01187nam a2200361 4500 |
| 001 |
DLU090067563 |
| 005 |
##20090420 |
| 040 |
# |
# |
|a DLU
|b eng
|
| 041 |
# |
# |
|a eng
|
| 044 |
# |
# |
|a UK
|
| 245 |
# |
# |
|a Evolutionary switch and genetic convergence on rbcl following the evolution of C4 photosynthesis /
|c Pascal-Antoine Christin, Nicolas Salamin, A. Muthama Muasya, Eric H. Roalson, Flavien Russier, Guillaume Besnard.
|
| 653 |
# |
# |
|a C4 photosynthesis
|
| 653 |
# |
# |
|a Convergence
|
| 653 |
# |
# |
|a Molecular evolution
|
| 653 |
# |
# |
|a Monocots
|
| 653 |
# |
# |
|a Positive selection
|
| 653 |
# |
# |
|a Rubisco
|
| 700 |
# |
# |
|a Besnard, Guillaume.
|
| 700 |
# |
# |
|a Christin, Pascal-Antoine.
|
| 700 |
# |
# |
|a Muasya, A. Muthama.
|
| 700 |
# |
# |
|a Roalson, Eric H.
|
| 700 |
# |
# |
|a Russier, Flavien.
|
| 700 |
# |
# |
|a Salamin, Nicolas.
|
| 773 |
# |
# |
|t Molecular Biology and Evolution
|g Vol. 25, no. 11 (November 2008), p. 2361-2368
|
| 920 |
# |
# |
|a Phòng Tạp chí -- Trung tâm Thông tin - Thư viện Trường Đại học Đà Lạt
|
| 994 |
# |
# |
|a DLU
|
| 900 |
# |
# |
|a True
|
| 911 |
# |
# |
|a Trương Bảo Trâm Anh
|
| 925 |
# |
# |
|a G
|
| 926 |
# |
# |
|a A
|
| 927 |
# |
# |
|a BB
|
| 980 |
# |
# |
|a Thư viện Trường Đại học Đà Lạt
|